1446 1993 1412 1692 1189 1078 1477 1939 1694 1482 1339 1971 1872 1366 1376 1975 1427 1454 1172 1217 1224 1603 1012 1207 1305 1394 1005 1419 1104 1281 1509 1303 1222 1776 1904 1757 1288 1829 1902 1006 1726 1850 1764 1608 1054 1348 1145 1498 1409 1763 1266 1440 1880 1855 1304 1988 1260 1761 1106 1893 1258 1723 1893 1772 1495 1615 1053 1315 1324 1715 1030 1658 1539 1315 1788 1806 1448 1450 1750 1643 1755 1005 1313 1743 1491 1265 1159 1811 1342 1343 1333 1176 1677 1122 1847 1671 1023 1411 1998 BCNSPRNW ULIB Ver.6.0+V

เปลี่ยนเป็นภาษาไทย

Change to English
 แสดงรายละเอียดบรรณานุกรม
  กลับหน้าหลัก

Brief Record : Get Marc (ISO 2709) : E-mail record : QR code < ปิดหน้าต่าง
LEADER : 00000nam 2200000uu 4500
001    13399111982
003     ULIB
008    110627s2552||||th 000 0 tha d
020    9786167190299
090    นว.^bก316อ ล.2 2552
100 0  กลีบลำดวน
245 00 อโณมายอดรัก/^cกลีบลำดวน
250    พิมพ์ครั้งที่ 1
260    กรุงเทพฯ :^bอินเลิฟ,^c2552
300    343 หน้า
710 1  อินเลิฟ
945    ^p209^l0^i028046
995    ทศพร
999 ^a ใช้งานได้ทุกระบบ
รายการนี้ยังไม่มีแท็ก
คุณยังไม่ได้ล็อกอิน คุณสามารถมีกิจกรรมร่วมกับเว็บไซต์ได้ แต่ต้องล็อกอินก่อน ::
  ล็อกอิน

รายการสื่อสารสนเทศ

ลำดับที่ ประเภท เลขเรียก/บาร์โค้ด สถานที่ สถานะ
- ไม่พบข้อมูล -

รายการใกล้เคียง
    ผู้แต่ง [กลีบลำดวน]

BibComment


ยังไม่เคยถูกคอมเมนท์

คอมเมนท์ทรัพยากรรายการนี้
  คอมเมนท์: อโณมายอดรัก กลีบล..


 Copyright 2026. Bcnsprnw @Library